|
|
|
|
| LEADER |
01837nam a2200313 a 4500 |
| 001 |
31739 |
| 003 |
BD-DhAAL |
| 005 |
20190718101655.0 |
| 008 |
170708s2015 bg ||||| |||| 00| 1 ben d |
| 999 |
|
|
|c 38154
|d 38154
|
| 020 |
|
|
|a 8177564803
|
| 020 |
|
|
|a 9788177564808
|
| 020 |
|
|
|a 9789388014007
|
| 020 |
|
|
|a 9788177564808
|
| 040 |
|
|
|a BD-DhAAL
|c BD-DhAAL
|
| 082 |
|
|
|a 891.44
|2 23
|
| 100 |
|
|
|a রায়, সত্যজিৎ
|9 21759
|
| 245 |
|
|
|a ফেলুদা সমগ্র ১ /
|c সত্যজিৎ রায়
|
| 260 |
|
|
|a কলকাতা :
|b আনন্দ পাবলিশার্স,
|c ২০০৫ (একাদশ মুদ্রণ ২০১৫, ত্রয়োদশ মুদ্রণ ২০১৮)
|
| 300 |
|
|
|a ৬৯৭ পৃষ্ঠা :
|b চিত্র ;
|c ২৫ সে.মি.
|
| 526 |
|
|
|a AAL, Residential Campus
|
| 541 |
|
|
|a Development Book Agency
|e 31739, 31740, 34802, 34803
|
| 650 |
|
|
|a Bengali fiction.
|9 21760
|
| 852 |
|
|
|a Ayesha Abed Library
|c Fiction
|
| 942 |
|
|
|2 ddc
|c BK
|
| 952 |
|
|
|0 0
|1 0
|2 ddc
|4 0
|6 891_440000000000000_ROY
|7 0
|9 60769
|a BRACUL
|b BRACUL
|c FIC
|d 2017-05-22
|e 24
|g 1100.00
|l 21
|m 223
|o 891.44 ROY
|p 3010031740
|q 2026-05-19
|r 2026-02-02
|s 2026-02-02
|t 2
|v 1100.00
|w 2017-05-22
|y BK
|
| 952 |
|
|
|0 0
|1 0
|2 ddc
|4 1
|6 891_440000000000000_ROY
|7 0
|9 60770
|a BRACUL
|b BRACUL
|d 2017-05-22
|e 24
|g 1100.00
|l 24
|m 208
|o 891.44 ROY
|p 3010031739
|r 2024-07-13
|s 2024-06-06
|t 1
|v 1100.00
|w 2017-05-22
|y BK
|
| 952 |
|
|
|0 0
|1 0
|2 ddc
|4 0
|6 891_440000000000000_ROY
|7 0
|9 65649
|a SCL
|b SCL
|c FIC
|d 2019-07-17
|e Development Book Agency
|g 1135.00
|l 19
|m 39
|o 891.44 ROY
|p 3020034802
|r 2026-05-08
|s 2026-04-09
|t 3
|v 1135.00
|w 2019-07-17
|y BK
|
| 952 |
|
|
|0 0
|1 0
|2 ddc
|4 0
|6 891_440000000000000_ROY
|7 0
|9 65650
|a SCL
|b SCL
|c FIC
|d 2019-07-17
|e Development Book Agency
|g 1135.00
|l 10
|m 27
|o 891.44 ROY
|p 3020034803
|r 2025-08-24
|s 2025-08-15
|t 4
|v 1135.00
|w 2019-07-17
|y BK
|